| 000 | 01546cam a22004214a 4500 | ||
|---|---|---|---|
| 001 | 14759567 | ||
| 003 | OSt | ||
| 005 | 20180116183058.0 | ||
| 008 | 070306s2007 ilu d 000 0 eng | ||
| 010 | _a 2007009871 | ||
| 020 | _a9780071495035 (hardcover) | ||
| 020 | _a0071495037 (hardcover) | ||
| 020 | _a9780071440721 (paperback) | ||
| 020 | _a0071440720 (paperback) | ||
| 040 |
_aDLC _cDLC _dDLC |
||
| 041 | 0 |
_aeng _aspa |
|
| 042 | _apcc | ||
| 050 | 0 | 0 |
_aPC4640 _b.H37 2007 |
| 082 | 0 | 0 |
_a463.21 HAR 2005 _222 |
| 100 | _aHarrap's | ||
| 245 | 0 | 0 | _aHarrap's Spanish and English dictionary. |
| 250 | _aFully rev. ed. | ||
| 260 |
_aChicago : _bMcGraw-Hill, _cc2005. |
||
| 300 |
_axii, 554 p. ; _c22 cm. _bPB. |
||
| 440 | _aHarrap's Spanish and English dictionary. | ||
| 500 | _a"Editors, Teresa Alvarez, Liam Rodger; with Talia Bugel ... [et al.]"--P. [iv]. | ||
| 546 | _aEnglish and Spanish. | ||
| 650 | 0 |
_aSpanish language _vDictionaries _xEnglish. |
|
| 650 | 0 |
_aEnglish language _vDictionaries _xSpanish. |
|
| 700 | 1 | _aAlvarez GarcĂa, Teresa. | |
| 700 | 1 | _aRodger, Liam. | |
| 710 | 2 | _aHarrap (Firm) | |
| 856 | 4 | 2 |
_3Publisher description _uhttp://www.loc.gov/catdir/enhancements/fy0713/2007009871-d.html |
| 856 | 4 | 2 |
_3Contributor biographical information _uhttp://www.loc.gov/catdir/enhancements/fy0713/2007009871-b.html |
| 906 |
_a7 _bcbc _corignew _d1 _eecip _f20 _gy-gencatlg |
||
| 942 |
_2ddc _cBK |
||
| 999 |
_c351922 _d351922 |
||